Datum a čas kvízu
29
Celkem bodů
Celkový počet nahraných bodů na tomto kvízu bez doplňovacích otázek.
8.
Pořadí na kvízu
Konečné umístění týmu na tomto kvízu.
Zaznamenané odpovědi
| # | Otázka | Odpověď | Body | Výsledky |
|---|---|---|---|---|
| 1. | Novým místopředsedou sněmovny... | Aleš Juchelka | 1 | |
| 2. | Minulý týden jsme se dozvěděli... | A) elektrokol | 1 | |
| 3. | Originál ilustrace od kreslíře... | Harry Potter a kámen mudrců | 0 | |
| 4. | V pondělí jsme se dozvěděli o... | Dagmar Havlová | 1 | |
| 5. | Z pondělí na úterý se konalo f... | Florida Panthers, Edmonton Oilers | 1 | |
| 6. | Dobytek se tradičně rozděloval... | brav | 0 | |
| 7. | Jak se jmenuje zobrazené oblíb... | kamerunská ovce (djallonké) | 1 | |
| 8. | Které z následujících tvrzení... | B | 1 | |
| 9. | Jak se jmenuje člověkem vyhube... | pratur | 1 | |
| 10. | Zvířata, která mají vlnu, vylu... | lanolin | 1 |